01396nab a2200241uuc4500001000800000005001700008008004100025035001200066035002100078040001300099041000800112100005400120245013200174520051100306650005000817650005100867650004100918650002800959650002900987773010901016942001001125999001901135125380720240917090258.0110829e20110701 spa  a1253807 a(OCoLC)820603031 ccomduadb aspa10aArias Rodríguez, Gina Marcela4auteaut945594810aConstrucción social de la categoría desplazado, vínculos con las instituciones e implicaciones en la política pública3 aSe analizó desde una perspectiva cualitativa, cómo los distintos actores implicados en el fenómeno del desplazamiento forzado participan en la construcción social de éste como "problema" y cómo se construye socialmente la categoría "desplazado". A su vez, se reflexionó sobre los vínculos que esta población construye con las instituciones gubernamentales y no gubernamentales y qué implicaciones tiene ello para el diseño, formulación y ejecución de las políticas públicas. 7aDesplazamiento forzadozColombia2lemb982634 7aPolíticas públicaszColombia2embne969197 aOrganismos no gubernamentales954288 aConstruccionismo959950 7aVíctimas2embne9667680 tÁnfora (Manizales)gVolumen 18, Número 31, Julio-Diciembre 2011, p. 75-97w322966x0121-65380106376 cARIMP c586602d586602